Score 0/20 Timer 06:00
0 Plays Today
% Correct
Have been served.
96.1%
And Jupiter aligns with Mars...
96.1%
And also with you.
96.1%
I'll be talking.
88.2%
Ok, who didn't pay the electrical bill?
88.2%
Call me Patches!
88.2%
You know you can only apply one-sixth the tongue on the Moon?
86.5%
The Old Course at St Andrews and its unforgiving sand traps!
85.6%
But still you must die.
84.3%
They were delicious, by the way.
84.3%
% Correct
It's a surprise!
83.8%
Contents may have shifted during flight.
83%
It's downtown St. Paul after 5.
79.5%
We are Lutherans.
79%
Why, it's a Sampo!
78.6%
And useless dialogue.
73.8%
I guess Nancy Reagan's back in town.
71.2%
Bring Clarence Birdseye in!
69.4%
This trip's getting better all the time!
66.4%
And pancakes!
51.5%
Come Together.
Have Fun.
All Virtual.
We all need to come together. Play Sporcle's virtual live trivia to have fun, connect with people, and get your trivia on. Join a live hosted trivia game for your favorite pub trivia experience done virtually. If a virtual private party is more your thing, go here for details.

You're not logged in!

Compare scores with friends on all Sporcle quizzes.
OR
Log In

Sporcle TV

Today on Sporcle TV


Watch our educational content, quiz creation guides, and fun videos on Sporcle TV.

Show Comments

Extras

Created Feb 23, 2016ReportNominate
Tags:Clickable Quiz, Follow, mst3k, Reply, riff

Top Quizzes Today


Score Distribution

Paid Content

Your Account Isn't Verified!

In order to create a playlist on Sporcle, you need to verify the email address you used during registration. Go to your Sporcle Settings to finish the process.

Report this User

Report this user for behavior that violates our Community Guidelines.

Details: